Routes of remembrance : refashioning the slave in Ghana (Record no. 396)

MARC details
000 -LEADER
fixed length control field 00460nam a2200169Ia 4500
008 - FIXED-LENGTH DATA ELEMENTS--GENERAL INFORMATION
fixed length control field 240428s9999||||xx |||||||||||||| ||und||
020 ## - INTERNATIONAL STANDARD BOOK NUMBER
International Standard Book Number 9780226349763
041 ## - LANGUAGE CODE
Language code of text/sound track or separate title eng
082 ## - DEWEY DECIMAL CLASSIFICATION NUMBER
Classification number 306.362H
100 ## - MAIN ENTRY--PERSONAL NAME
Personal name Holsey, Bayo
245 #0 - TITLE STATEMENT
Title Routes of remembrance : refashioning the slave in Ghana
260 ## - PUBLICATION, DISTRIBUTION, ETC.
Name of publisher, distributor, etc. The University of Chicago
Place of publication, distribution, etc. Chicago
Date of publication, distribution, etc. 2008
300 ## - PHYSICAL DESCRIPTION
Extent xiii,280p.: photos
650 ## - SUBJECT ADDED ENTRY--TOPICAL TERM
Topical term or geographic name entry element Slave trade -- Ghana -- History.
942 ## - ADDED ENTRY ELEMENTS (KOHA)
Koha item type Books
Holdings
Withdrawn status Lost status Damaged status Not for loan Home library Current library Shelving location Date acquired Total checkouts Full call number Date last seen Copy number Price effective from Koha item type
        Main Library Main Library Open Shelves 02/11/2021   306.362H 603 C2 - 306.362H 436 C1 29/04/2024 1 29/04/2024 Books
©2026  Parliament of Ghana Library - All rights reserved